Robinson Crusoe / (Registro nro. 32532)
[ vista simple ]
| 000 -CABECERA | |
|---|---|
| campo fijo de control de longitud | 00707cam a2200229 4500 |
| 001 - NÚMERO DE CONTROL | |
| campo de control | 32532 |
| 003 - IDENTIFICADOR DEL NÚMERO DE CONTROL | |
| campo de control | AR-RoBPED |
| 005 - FECHA Y HORADE LA ULTIMA TRANSACCION | |
| campo de control | 20260410131511.0 |
| 008 - ELEMENTOS DE LONGITUD FIJA--INFORMACION GENERAL | |
| campo fijo de control de longitud | 260408s1971 sp ||||| |||| 00| 1 spa d |
| 040 ## - FUENTE CATALOGADORA | |
| Centro catalogador/agencia de origen | AR-RoBPED |
| 041 ## - IDIOMA | |
| Código de idioma para texto/pista de sonido o título independiente | spa |
| 100 1# - ENCABEZAMIENTO PRINCIPAL--AUTOR PERSONAL | |
| Nombre de persona | Defoe, Daniel, (seud.) |
| Fechas nac-muerte | 1661?-1731 |
| 9 (RLIN) | 23235 |
| 245 10 - TITULO | |
| Título | Robinson Crusoe / |
| Mención de responsabilidad | Daniel Defoe ; prólogo de Juan Perucho |
| 260 ## - PUBLICACION | |
| Lugar | Navarra : |
| Editor | Salvat, |
| Fecha | 1970. |
| 300 ## - DESCRIPCION FISICA | |
| Extensión | 225 p. |
| 490 0# - SERIE | |
| Mención de serie | (Biblioteca Básica Salvat ; |
| Designación de volumen o secuencia | 30) |
| 650 #4 - TERMINO DE MATERIA--CONTROLADO | |
| Término controlado | LITERATURA INGLESA |
| 9 (RLIN) | 444 |
| Término controlado | NOVELAS |
| 9 (RLIN) | 25 |
| 700 1# - ENCABEZAMIENTO SECUNDARIO--AUTOR PERSONAL | |
| Nombre de persona | Perucho, Juan |
| Fecha de nac-muerte | 1920-2003 |
| 9 (RLIN) | 24225 |
| Función | prol. |
| 942 ## - ELEMENTOS KOHA | |
| Fuente de clasificación | Universal Decimal Classification |
| Número Koha | k. 32532 |
| Koha tipo de ítem | Libro |
| Clasificación | 820-3 |
| Signatura librística | D 27 |
| Inventario | inv. 42320 |
| 945 ## - PROCESAMIENTO DE LA INFORMACIÓN LOCAL | |
| Catalogador y fecha | mm 08/04/2026 mev 10/04/2026 |
| Estado retirado | Estado perdido | Fuente de clasificación | Estado dañado | No se presta | Biblioteca propietaria | Biblioteca de reserva | Fecha de adquisición | Procedencia | Total de préstamos | Signatura topográfica completa | Código de barras (nº de inventario) | Fecha visto por última vez | Catalogador y fecha | Tipo de ítem Koha | Nota pública |
|---|---|---|---|---|---|---|---|---|---|---|---|---|---|---|---|
| Universal Decimal Classification | Biblioteca Pedagógica Eudoro Díaz | Biblioteca Pedagógica Eudoro Díaz | 27/03/2026 | Donación | 820-3 D 27 | 42320 | 08/04/2026 | mm 08/04/2026 | Libro | Se presta 15 días. |